[Event "SVK-chT2A 1718"]
[Site "Slovakia"]
[Date "2017.11.26"]
[Round "4.8"]
[White "Pusec, Pavol"]
[Black "Jelenciak, Jozef"]
[Result "1/2-1/2"]
[WhiteElo "1971"]
[BlackElo "1879"]
[PlyCount "27"]
[EventDate "2017.10.28"]
[EventType "team-tourn"]
[EventRounds "11"]
[EventCountry "SVK"]
[SourceTitle "EXT 2019"]
[Source "ChessBase"]
[SourceDate "2018.10.10"]
[SourceVersion "1"]
[SourceVersionDate "2018.10.10"]
[SourceQuality "1"]
[WhiteTeam "Senec"]
[BlackTeam "Bratislava Doprastav"]
[WhiteTeamCountry "SVK"]
[BlackTeamCountry "SVK"]

1. c4 f5 2. Nc3 Nf6 3. d4 e6 4. Nf3 d5 5. Bg5 c6 6. Ne5 Be7 7. e3 0-0 8. Bd3 Bd7 9. 0-0 Re8 10. cxd5 cxd5 11. h3 Nc6 12. Nxc6 Bxc6 13. Qe2 Qd7 14. Bf4 1/2-1/2

[Event "SVK-chT2A 1718"]
[Site "Slovakia"]
[Date "2017.10.29"]
[Round "2.7"]
[White "Pusec, Pavol"]
[Black "Zetocha, Adrian"]
[Result "1/2-1/2"]
[WhiteElo "1971"]
[BlackElo "2028"]
[PlyCount "31"]
[EventDate "2017.10.28"]
[EventType "team-tourn"]
[EventRounds "11"]
[EventCountry "SVK"]
[SourceTitle "EXT 2019"]
[Source "ChessBase"]
[SourceDate "2018.10.10"]
[SourceVersion "1"]
[SourceVersionDate "2018.10.10"]
[SourceQuality "1"]
[WhiteTeam "Senec"]
[BlackTeam "Bratislava Slovan V"]
[WhiteTeamCountry "SVK"]
[BlackTeamCountry "SVK"]

1. c4 e6 2. d4 d5 3. Nc3 Be7 4. Bf4 c6 5. e3 Nf6 6. Nf3 0-0 7. h3 dxc4 8. Bxc4 Nd5 9. Nxd5 cxd5 10. Bd3 Qa5+ 11. Nd2 Bd7 12. 0-0 Bb5 13. Qe2 Bxd3 14. Qxd3 Na6 15. a3 Rfc8 16. Rfc1 1/2-1/2

[Event "SVK-chT2A 1617"]
[Site "Slovakia"]
[Date "2016.10.09"]
[Round "2.6"]
[White "Mandak, Miroslav"]
[Black "Pusec, Pavol"]
[Result "1/2-1/2"]
[WhiteElo "1999"]
[BlackElo "1984"]
[PlyCount "58"]
[EventDate "2016.10.08"]
[EventType "team-tourn"]
[EventRounds "11"]
[EventCountry "SVK"]
[SourceTitle "CBM 175 Extra"]
[Source "ChessBase"]
[SourceDate "2016.12.12"]
[SourceVersion "1"]
[SourceVersionDate "2016.12.12"]
[SourceQuality "1"]
[WhiteTeam "Krasnany"]
[BlackTeam "Senec"]
[WhiteTeamCountry "SVK"]
[BlackTeamCountry "SVK"]

1. e4 d6 2. d4 Nf6 3. Nc3 g6 4. g3 Bg7 5. Bg2 0-0 6. Nge2 c6 7. a4 e5 8. h3 a5 9. Be3 Na6 10. 0-0 Be6 11. Qd2 Qc8 12. Kh2 exd4 13. Nxd4 Bc4 14. Rfe1 Qc7 15. Rad1 Rad8 16. Bh6 Ne8 17. b3 Be6 18. Rf1 Bc8 19. Bxg7 Nxg7 20. Ndb5 Qb8 21. Nd4 f6 22. Nce2 Qc7 23. Nf4 Nc5 24. Nd3 Nce6 25. Nxe6 Bxe6 26. Nf4 Bc8 27. Qc3 Ne6 28. Nxe6 Bxe6 29. Rd2 f5 1/2-1/2

[Event "SVK-chT2A 0708"]
[Site "Slovakia"]
[Date "2008.03.08"]
[Round "10.7"]
[White "Tomanek, Rafael"]
[Black "Pusec, Pavol"]
[Result "1/2-1/2"]
[WhiteElo "1990"]
[BlackElo "2105"]
[PlyCount "82"]
[EventDate "2007.10.06"]
[EventType "team-tourn"]
[EventRounds "11"]
[EventCountry "SVK"]
[SourceTitle "EXT 2010"]
[Source "ChessBase"]
[SourceDate "2010.11.25"]
[SourceVersion "1"]
[SourceVersionDate "2010.11.25"]
[SourceQuality "1"]
[WhiteTeam "Bratislava Doprastav IV"]
[BlackTeam "Piestany Kupele"]
[WhiteTeamCountry "SVK"]
[BlackTeamCountry "SVK"]

1. d4 d5 2. Nf3 Nf6 3. c4 e6 4. Nc3 c6 5. e3 Ne4 6. Bd3 Nxc3 7. bxc3 Nd7 8. 0-0 Bd6 9. e4 dxe4 10. Bxe4 Nf6 11. Bc2 h6 12. Qd3 Qc7 13. c5 Bf4 14. Bb2 h5 15. g3 Bh6 16. Ne5 0-0 17. f4 g6 18. h3 Nd5 19. a3 b6 20. c4 Ne7 21. g4 hxg4 22. hxg4 f6 23. Nxg6 Nxg6 24. Qxg6+ Qg7 25. Qxg7+ Bxg7 26. cxb6 axb6 27. f5 exf5 28. Bxf5 Bxf5 29. Rxf5 Ra4 30. Rc1 Re8 31. c5 bxc5 32. Rcxc5 Re2 33. Rf2 Rxf2 34. Kxf2 f5 35. Rxf5 Bxd4+ 36. Bxd4 Rxd4 37. Rc5 Rxg4 38. Rxc6 Ra4 39. Rc3 Kf8 40. Re3 Ra7 41. Ke2 Re7 1/2-1/2

[Event "SVK-chT2A 0708"]
[Site "Slovakia"]
[Date "2007.11.03"]
[Round "3.5"]
[White "Syrovy, Ivan"]
[Black "Pusec, Pavol"]
[Result "1-0"]
[WhiteElo "2097"]
[BlackElo "2105"]
[PlyCount "91"]
[EventDate "2007.10.06"]
[EventType "team-tourn"]
[EventRounds "11"]
[EventCountry "SVK"]
[SourceTitle "EXT 2010"]
[Source "ChessBase"]
[SourceDate "2010.11.25"]
[SourceVersion "1"]
[SourceVersionDate "2010.11.25"]
[SourceQuality "1"]
[WhiteTeam "Pezinok KS"]
[BlackTeam "Piestany Kupele"]
[WhiteTeamCountry "SVK"]
[BlackTeamCountry "SVK"]

1. e4 d6 2. d4 Nf6 3. Nc3 g6 4. f4 Bg7 5. Nf3 0-0 6. Bd3 Nc6 7. 0-0 Bg4 8. Be3 e5 9. fxe5 dxe5 10. d5 Nd4 11. Be2 Nxe2+ 12. Qxe2 Nd7 13. h3 Bxf3 14. Rxf3 f5 15. Rd1 f4 16. Bf2 a6 17. Qc4 Kh8 18. a4 Bf6 19. d6 c6 20. b4 Bh4 21. Bxh4 Qxh4 22. b5 axb5 23. axb5 Qd8 24. Kh2 Rc8 25. Qb3 Rf6 26. bxc6 bxc6 27. Na4 g5 28. c4 h5 29. c5 Rb8 30. Qc3 g4 31. Rff1 Rb5 32. Rc1 Qg8 33. Rb1 Rxb1 34. Rxb1 f3 35. Nb6 g3+ 36. Kg1 Qa2 37. Qb2 Qxb2 38. Rxb2 f2+ 39. Kf1 Nxc5 40. Nc4 Nxe4 41. d7 Rf8 42. Nxe5 Ra8 43. d8Q+ Rxd8 44. Nf7+ Kg7 45. Nxd8 c5 46. Re2 1-0

[Event "SVK-chT1W 0607"]
[Site "Slovakia"]
[Date "2007.03.25"]
[Round "11.3"]
[White "Berza, Stefan"]
[Black "Pusec, Pavol"]
[Result "0-1"]
[WhiteElo "2143"]
[BlackElo "2137"]
[PlyCount "67"]
[EventDate "2006.10.07"]
[EventType "team-tourn"]
[EventRounds "11"]
[EventCountry "SVK"]
[SourceTitle "EXT 2008"]
[Source "ChessBase"]
[SourceDate "2007.11.25"]
[SourceVersion "1"]
[SourceVersionDate "2007.11.25"]
[SourceQuality "1"]
[WhiteTeam "Komarno Hoffer II"]
[BlackTeam "Piestany Kupele"]
[WhiteTeamCountry "SVK"]
[BlackTeamCountry "SVK"]

1. e4 d6 2. d4 Nf6 3. Nc3 g6 4. Be2 Bg7 5. g4 c5 6. d5 h5 7. g5 Ng8 8. Qd3 b6 9. Be3 Ba6 10. Qd2 Bxe2 11. Ngxe2 a6 12. a4 Nd7 13. f4 Qc7 14. e5 dxe5 15. 0-0-0 exf4 16. Bxf4 Be5 17. Rhe1 0-0-0 18. Bxe5 Nxe5 19. Qf4 f6 20. Qe4 fxg5 21. Ng3 Nd7 22. Qxg6 Qf4+ 23. Kb1 Rh6 24. Qd3 c4 25. Qe2 Nc5 26. Nge4 Nxe4 27. Nxe4 b5 28. Nc5 Qd6 29. Ne6 Rd7 30. Nxg5 Qb4 31. axb5 c3 32. b3 Qa3 33. Qc4+ Rc7 34. d6 0-1

[Event "SVK-chT1W 0607"]
[Site "Slovakia"]
[Date "2007.03.24"]
[Round "10.3"]
[White "Hertel, Ondrej"]
[Black "Pusec, Pavol"]
[Result "0-1"]
[WhiteElo "1981"]
[BlackElo "2137"]
[PlyCount "98"]
[EventDate "2006.10.07"]
[EventType "team-tourn"]
[EventRounds "11"]
[EventCountry "SVK"]
[SourceTitle "EXT 2008"]
[Source "ChessBase"]
[SourceDate "2007.11.25"]
[SourceVersion "1"]
[SourceVersionDate "2007.11.25"]
[SourceQuality "1"]
[WhiteTeam "Hlohovec SK Zentiva II"]
[BlackTeam "Piestany Kupele"]
[WhiteTeamCountry "SVK"]
[BlackTeamCountry "SVK"]

1. d4 d5 2. c4 e6 3. Nc3 f5 4. Nf3 Nf6 5. g3 c6 6. Bg2 Bd6 7. c5 Bc7 8. b4 Nbd7 9. Bf4 Bxf4 10. gxf4 Ne4 11. Nxe4 fxe4 12. Ne5 Nxe5 13. dxe5 Qh4 14. e3 g5 15. fxg5 Qxg5 16. Rg1 Qxe5 17. Qd4 Qxd4 18. exd4 Rg8 19. Ke2 Ke7 20. f3 exf3+ 21. Bxf3 Bd7 22. Ke3 Raf8 23. Rg3 Rxg3 24. hxg3 Be8 25. Rh1 Bg6 26. Rh4 e5 27. dxe5 Rf5 28. Rf4 Rxe5+ 29. Kd2 h5 30. Bg2 Rg5 31. Rf3 h4 32. Re3+ Kd8 33. Bh3 Rxg3 34. Rxg3 hxg3 35. Ke3 Be4 36. Ke2 d4 37. Kf1 d3 38. Bg4 Ke7 39. a4 Kf6 40. b5 Kg5 41. Bd1 Kf4 42. Kg1 Bf3 43. Bb3 d2 44. a5 cxb5 45. a6 bxa6 46. Bc2 d1Q+ 47. Bxd1 Bxd1 48. c6 Bg4 49. c7 b4 0-1

[Event "SVK-chT1W 0607"]
[Site "Slovakia"]
[Date "2007.01.14"]
[Round "7.3"]
[White "Gruca, Miroslav"]
[Black "Pusec, Pavol"]
[Result "1-0"]
[WhiteElo "2232"]
[BlackElo "2137"]
[PlyCount "57"]
[EventDate "2006.10.07"]
[EventType "team-tourn"]
[EventRounds "11"]
[EventCountry "SVK"]
[SourceTitle "EXT 2008"]
[Source "ChessBase"]
[SourceDate "2007.11.25"]
[SourceVersion "1"]
[SourceVersionDate "2007.11.25"]
[SourceQuality "1"]
[WhiteTeam "Trencin SK"]
[BlackTeam "Piestany Kupele"]
[WhiteTeamCountry "SVK"]
[BlackTeamCountry "SVK"]

1. e4 d6 2. d4 Nf6 3. Nc3 g6 4. Bg5 c6 5. Qd2 Nbd7 6. 0-0-0 d5 7. e5 Ng8 8. h4 h6 9. Be3 e6 10. h5 g5 11. f4 gxf4 12. Bxf4 Qa5 13. Kb1 b5 14. Bd3 b4 15. Nce2 c5 16. dxc5 Nxc5 17. Nd4 Bd7 18. Ngf3 0-0-0 19. g4 f6 20. Nb3 Nxb3 21. cxb3 Kb7 22. Rc1 Bc5 23. Rc2 Bb6 24. Rhc1 Rc8 25. Rxc8 Bxc8 26. Qc2 Bd7 27. Nh4 Bc7 28. Ng6 fxe5 29. Bxe5 1-0

[Event "SVK-chT1W 0607"]
[Site "Slovakia"]
[Date "2006.10.08"]
[Round "2.5"]
[White "Pusec, Pavol"]
[Black "Hazir, Svetozar"]
[Result "0-1"]
[WhiteElo "2137"]
[BlackElo "2167"]
[PlyCount "36"]
[EventDate "2006.10.07"]
[EventType "team-tourn"]
[EventRounds "11"]
[EventCountry "SVK"]
[SourceTitle "EXT 2008"]
[Source "ChessBase"]
[SourceDate "2007.11.25"]
[SourceVersion "1"]
[SourceVersionDate "2007.11.25"]
[SourceQuality "1"]
[WhiteTeam "Piestany Kupele"]
[BlackTeam "Bratislava Doprastav"]
[WhiteTeamCountry "SVK"]
[BlackTeamCountry "SVK"]

1. e4 e5 2. Nf3 Nc6 3. d4 exd4 4. Nxd4 Bc5 5. Be3 Qf6 6. c3 Nge7 7. Bc4 0-0 8. 0-0 Ne5 9. Be2 Qg6 10. Nf5 Nxf5 11. Bxc5 Nh4 12. g3 d6 13. Bd4 Bh3 14. f4 Bxf1 15. Qxf1 c5 16. fxe5 cxd4 17. Qf4 dxe5 18. Qxh4 Qb6 0-1

[Event "SVK-chT1W 0506"]
[Site "Slovakia"]
[Date "2005.??.??"]
[Round "?"]
[White "Daubner, Jakub"]
[Black "Pusec, Pavol"]
[Result "1-0"]
[WhiteElo "2135"]
[BlackElo "2165"]
[PlyCount "51"]
[EventDate "2005.10.15"]
[EventType "tourn"]
[EventRounds "11"]
[EventCountry "SVK"]
[SourceTitle "EXT 2008"]
[Source "ChessBase"]
[SourceDate "2007.11.25"]
[SourceVersion "1"]
[SourceVersionDate "2007.11.25"]
[SourceQuality "1"]

1. c4 Nf6 2. Nc3 c6 3. d4 d5 4. cxd5 cxd5 5. Nf3 Nc6 6. Bf4 Ne4 7. e3 Nxc3 8. bxc3 e6 9. Bd3 Bd6 10. 0-0 Bxf4 11. exf4 Qf6 12. Qd2 0-0 13. Ng5 g6 14. Rfe1 Bd7 15. Rab1 Rab8 16. h4 Na5 17. Nf3 Bc6 18. Ne5 Qxh4 19. g3 Qd8 20. Qe2 Be8 21. Kg2 f6 22. Ng4 Bd7 23. Rh1 Kg7 24. Ne3 Qc7 25. Qg4 Qc8 26. Rxh7+ 1-0

[Event "SVK-chT1W 0506"]
[Site "Slovakia"]
[Date "2005.??.??"]
[Round "?"]
[White "Kijac, Miroslav"]
[Black "Pusec, Pavol"]
[Result "1-0"]
[WhiteElo "2185"]
[BlackElo "2165"]
[PlyCount "69"]
[EventDate "2005.10.15"]
[EventType "tourn"]
[EventRounds "11"]
[EventCountry "SVK"]
[SourceTitle "EXT 2008"]
[Source "ChessBase"]
[SourceDate "2007.11.25"]
[SourceVersion "1"]
[SourceVersionDate "2007.11.25"]
[SourceQuality "1"]

1. d4 d6 2. Nf3 g6 3. c4 Bg7 4. Nc3 Nc6 5. d5 Ne5 6. Nxe5 Bxe5 7. e4 a6 8. Be2 Bg7 9. Be3 e5 10. 0-0 f5 11. f3 f4 12. Bf2 g5 13. c5 Bd7 14. cxd6 cxd6 15. Na4 Bxa4 16. Qxa4+ Qd7 17. Qb4 Nf6 18. Rfc1 Ke7 19. Rc4 Rhc8 20. Rac1 Rxc4 21. Qxc4 Ne8 22. Bb6 Bf6 23. Bd1 Qb5 24. Qxb5 axb5 25. a3 Ra6 26. Bf2 Kd7 27. Be2 Nc7 28. a4 bxa4 29. Bxa6 Nxa6 30. Rc4 b5 31. Rc6 Nc7 32. Rb6 Bd8 33. Rb8 Na6 34. Rxb5 Bc7 35. Kf1 1-0

[Event "SVK-chT1W 0506"]
[Site "Slovakia"]
[Date "2005.??.??"]
[Round "?"]
[White "Pusec, Pavol"]
[Black "Szegi, Tamas"]
[Result "0-1"]
[WhiteElo "2165"]
[BlackElo "2225"]
[PlyCount "58"]
[EventDate "2005.10.15"]
[EventType "tourn"]
[EventRounds "11"]
[EventCountry "SVK"]
[SourceTitle "EXT 2008"]
[Source "ChessBase"]
[SourceDate "2007.11.25"]
[SourceVersion "1"]
[SourceVersionDate "2007.11.25"]
[SourceQuality "1"]

1. d4 Nf6 2. Nf3 g6 3. c3 Bg7 4. Qc2 d5 5. e3 0-0 6. Bd3 b6 7. Nbd2 c5 8. 0-0 Nc6 9. Bb5 Bb7 10. h3 Rc8 11. Ne5 Nxe5 12. dxe5 Ne8 13. f4 f6 14. exf6 exf6 15. Re1 Nd6 16. Be2 f5 17. b3 d4 18. Bb2 dxe3 19. Nc4 Qh4 20. Rf1 Nxc4 21. Bxc4+ Kh8 22. Rae1 Rfe8 23. Bb5 Re7 24. Re2 a6 25. Bd3 Rd8 26. Bc1 Qg3 27. Rfe1 Rde8 28. Rf1 Bf6 29. Bxf5 gxf5 0-1

[Event "SVK-chT1W 0405"]
[Site "Slovakia"]
[Date "2005.??.??"]
[Round "6"]
[White "Srvatka, Igor"]
[Black "Pusec, Pavol"]
[Result "1/2-1/2"]
[WhiteElo "2092"]
[BlackElo "2164"]
[PlyCount "81"]
[EventDate "2004.10.??"]
[EventType "team-tourn"]
[EventRounds "11"]
[EventCountry "SVK"]
[SourceTitle "EXT 2006"]
[Source "ChessBase"]
[SourceDate "2005.11.24"]
[SourceVersion "1"]
[SourceVersionDate "2005.11.24"]
[SourceQuality "1"]

1. d4 d5 2. c4 e6 3. Nf3 f5 4. g3 Nf6 5. Bg2 c6 6. 0-0 Bd6 7. b3 Nbd7 8. Ba3 Bxa3 9. Nxa3 Qe7 10. Nc2 0-0 11. Nce1 dxc4 12. bxc4 e5 13. dxe5 Nxe5 14. Nxe5 Qxe5 15. Nd3 Qe7 16. Qc2 Ne4 17. c5 Be6 18. Rab1 Rad8 19. Rfc1 Bd5 20. Rb2 Nf6 21. Bxd5+ Nxd5 22. Qa4 a6 23. Qc4 Rf7 24. Rcb1 Rd7 25. Qd4 Nc7 26. Qe5 Nb5 27. a4 Nd4 28. Kf1 Qf8 29. Rxb7 Rxb7 30. Rxb7 Rxb7 31. Qxd4 Qe7 32. Ne5 Rb1+ 33. Kg2 Rc1 34. Qb2 Qxc5 35. Qb8+ Qf8 36. Qb3+ Kh8 37. Nf7+ Kg8 38. Nh6+ Kh8 39. Nf7+ Kg8 40. Ng5+ Kh8 41. Nf7+ 1/2-1/2

[Event "SVK-chT1W 0304"]
[Site "Slovakia"]
[Date "2004.??.??"]
[Round "7"]
[White "Pusec, Pavol"]
[Black "Prievalsky, Juraj"]
[Result "1/2-1/2"]
[WhiteElo "2130"]
[BlackElo "2110"]
[PlyCount "170"]
[EventDate "2003.10.??"]
[EventType "team-tourn"]
[EventRounds "9"]
[EventCountry "SVK"]
[SourceTitle "EXT 2005"]
[Source "ChessBase"]
[SourceDate "2004.11.15"]
[SourceVersion "1"]
[SourceVersionDate "2004.11.15"]
[SourceQuality "1"]

1. d4 Nf6 2. Nf3 e6 3. e3 b6 4. Bd3 Bb7 5. Nbd2 d5 6. Ne5 Bd6 7. f4 Ne4 8. Qf3 Bxe5 9. fxe5 f5 10. 0-0 0-0 11. Qh3 Ng5 12. Qg3 c5 13. c3 Ba6 14. Bxa6 Nxa6 15. h4 Ne4 16. Nxe4 dxe4 17. h5 Rc8 18. Bd2 c4 19. Rad1 Nc7 20. Rf4 Nd5 21. Rh4 b5 22. a3 a5 23. Ra1 Ra8 24. h6 g6 25. Rh1 Qe7 26. Kh2 g5 27. Kg1 Kh8 28. Rh5 Rg8 29. Kf2 Rab8 30. Ke2 g4 31. Qh4 Qxh4 32. Rxh4 Rg5 33. g3 Kg8 34. Kd1 Kf7 35. Kc2 a4 36. Rah1 Ke7 37. Kc1 Rbg8 38. Kd1 Kd7 39. Ke2 Kc6 40. Kd1 Ne7 41. Ke2 Kd5 42. Kf2 Nc6 43. Ke2 Nd8 44. Kf2 Nf7 45. Ke2 R5g6 46. Kf2 Ng5 47. Be1 Nf3 48. Rh5 Rg5 49. Rxg5 Nxg5 50. Rh5 Nf7 51. Kg2 Rg6 52. Bf2 Rxh6 53. Rxh6 Nxh6 54. Kf1 Nf7 55. Ke2 Kc6 56. Kd1 Kd7 57. Ke2 Ke7 58. Kd1 Kf8 59. Ke2 Kg7 60. Kd1 Kg6 61. Ke2 h5 62. Be1 Ng5 63. Bf2 Nf3 64. Be1 Kg5 65. Bf2 Kg6 66. Kd1 Ng5 67. Ke2 Nf7 68. Kd1 Nd8 69. Ke2 Nc6 70. Kd1 Nb8 71. Ke2 Na6 72. Kd1 Nc7 73. Kd2 Ne8 74. Ke2 Ng7 75. Kf1 h4 76. gxh4 Nh5 77. Kg2 f4 78. exf4 Nxf4+ 79. Kg3 Kf5 80. Be3 Nd5 81. Bc1 e3 82. h5 Kg5 83. h6 Kxh6 84. Kxg4 Kg6 85. Kf3 Kf5 1/2-1/2

[Event "SVK-chT1W 0203"]
[Site "Slovakia"]
[Date "2003.03.16"]
[Round "11.6"]
[White "Pusec, Pavol"]
[Black "Janecek, Jan"]
[Result "1/2-1/2"]
[WhiteElo "2117"]
[BlackElo "1982"]
[PlyCount "23"]
[EventDate "2002.10.12"]
[EventType "tourn"]
[EventRounds "11"]
[EventCountry "SVK"]
[SourceTitle "EXT 2005"]
[Source "ChessBase"]
[SourceDate "2004.11.15"]
[SourceVersion "1"]
[SourceVersionDate "2004.11.15"]
[SourceQuality "1"]
[WhiteTeam "Bratislava PI"]
[BlackTeam "Bratislava DP "]
[WhiteTeamCountry "SVK"]
[BlackTeamCountry "SVK"]

1. d4 Nf6 2. Nf3 g6 3. Nc3 d5 4. e3 c6 5. Bd3 Bg7 6. Ne5 0-0 7. 0-0 Nbd7 8. f4 Ne8 9. Ne2 f6 10. Nxd7 Bxd7 11. e4 e5 12. fxe5 1/2-1/2

[Event "SVK-chT1W 0203"]
[Site "Slovakia"]
[Date "2003.02.08"]
[Round "8.4"]
[White "Toth Vano, Peter"]
[Black "Pusec, Pavol"]
[Result "1/2-1/2"]
[WhiteElo "2088"]
[BlackElo "2117"]
[PlyCount "86"]
[EventDate "2002.10.12"]
[EventType "tourn"]
[EventRounds "11"]
[EventCountry "SVK"]
[SourceTitle "EXT 2005"]
[Source "ChessBase"]
[SourceDate "2004.11.15"]
[SourceVersion "1"]
[SourceVersionDate "2004.11.15"]
[SourceQuality "1"]
[WhiteTeam "Devinska Nova Ves"]
[BlackTeam "Bratislava PI"]
[WhiteTeamCountry "SVK"]
[BlackTeamCountry "SVK"]

1. e4 d6 2. d4 Nf6 3. Nc3 g6 4. Bc4 Bg7 5. f3 c6 6. Be3 b5 7. Bd3 a6 8. Qd2 Nbd7 9. a4 Bb7 10. Bh6 Bxh6 11. Qxh6 Qa5 12. Nh3 b4 13. Ne2 Qh5 14. Qd2 a5 15. c3 bxc3 16. bxc3 Ba6 17. Bxa6 Rxa6 18. 0-0 0-0 19. Qd3 Raa8 20. Rab1 c5 21. Rb5 Qh6 22. Rfb1 Rfc8 23. f4 e5 24. dxe5 dxe5 25. Qd6 exf4 26. Nhxf4 Re8 27. e5 Rxe5 28. Rb8+ Re8 29. Rxa8 Rxa8 30. Rb7 Rd8 31. Qc7 Qf8 32. Qxa5 Qe7 33. Qb5 g5 34. Nh3 Qe3+ 35. Kf1 Ne5 36. Rb8 Rxb8 37. Qxb8+ Kg7 38. Qb1 Nfg4 39. Qf5 Nxh2+ 40. Ke1 Nd3+ 41. Kd1 Nb2+ 42. Ke1 Nd3+ 43. Kd1 Nb2+ 1/2-1/2

[Event "SVK-chT1W 0203"]
[Site "Slovakia"]
[Date "2003.01.18"]
[Round "7.4"]
[White "Pusec, Pavol"]
[Black "Gasa, Andrej"]
[Result "1/2-1/2"]
[WhiteElo "2117"]
[BlackElo "2167"]
[PlyCount "115"]
[EventDate "2002.10.12"]
[EventType "tourn"]
[EventRounds "11"]
[EventCountry "SVK"]
[SourceTitle "EXT 2005"]
[Source "ChessBase"]
[SourceDate "2004.11.15"]
[SourceVersion "1"]
[SourceVersionDate "2004.11.15"]
[SourceQuality "1"]
[WhiteTeam "Bratislava PI"]
[BlackTeam "Senica"]
[WhiteTeamCountry "SVK"]
[BlackTeamCountry "SVK"]

1. d4 d5 2. e3 Nf6 3. f4 Bg4 4. Nf3 Nbd7 5. Be2 e6 6. Nbd2 c5 7. c3 Bd6 8. Ne5 Bxe2 9. Qxe2 0-0 10. 0-0 a6 11. Qf3 Qc7 12. g4 Nb6 13. g5 Ne8 14. Qh3 Bxe5 15. fxe5 Qe7 16. Nf3 f6 17. dxc5 Nd7 18. exf6 gxf6 19. Qg4 f5 20. Qd4 Qxc5 21. Bd2 Qxd4 22. exd4 Nd6 23. Bf4 Ne4 24. Nd2 Nxd2 25. Bxd2 Kf7 26. Rae1 Rg8 27. Kh1 Rac8 28. Rf3 Rc6 29. Rh3 Nf8 30. Bf4 Rg7 31. Kg2 b5 32. a3 Ng6 33. Kf3 Kg8 34. Rh6 Nf8 35. h4 a5 36. Bd2 Kf7 37. Rf6+ Kg8 38. h5 Rcc7 39. Bf4 Rc6 40. Re5 Rcc7 41. Re2 Rc6 42. Rg2 Nd7 43. Rh6 Kf8 44. g6 hxg6 45. hxg6 Nf6 46. Be5 Ng4 47. Bxg7+ Kxg7 48. Rh7+ Kxg6 49. Rb7 b4 50. axb4 axb4 51. Rxb4 Kf6 52. Rb5 Rd6 53. Kf4 e5+ 54. dxe5+ Nxe5 55. Rd2 Ng6+ 56. Ke3 Ke5 57. c4 Ne7 58. Rbxd5+ 1/2-1/2

[Event "SVK-chT1W 0203"]
[Site "Slovakia"]
[Date "2002.10.12"]
[Round "1.6"]
[White "Pusec, Pavol"]
[Black "Kollarik, Gorazd"]
[Result "1-0"]
[WhiteElo "2117"]
[BlackElo "1820"]
[PlyCount "103"]
[EventDate "2002.10.12"]
[EventType "tourn"]
[EventRounds "11"]
[EventCountry "SVK"]
[SourceTitle "EXT 2005"]
[Source "ChessBase"]
[SourceDate "2004.11.15"]
[SourceVersion "1"]
[SourceVersionDate "2004.11.15"]
[SourceQuality "1"]
[WhiteTeam "Bratislava PI"]
[BlackTeam "Hlohovec"]
[WhiteTeamCountry "SVK"]
[BlackTeamCountry "SVK"]

1. d4 d5 2. Nf3 Nf6 3. e3 e6 4. Ne5 Bb4+ 5. c3 Bd6 6. Nd2 0-0 7. Bd3 c5 8. f4 Nc6 9. 0-0 Bd7 10. Rf3 Rc8 11. Rh3 g6 12. Ndf3 cxd4 13. exd4 Ne7 14. g4 Bxe5 15. Nxe5 Ne4 16. Bxe4 dxe4 17. g5 Kg7 18. Qe1 Bc6 19. Qh4 Rh8 20. Qh6+ Kg8 21. Ng4 Nd5 22. Be3 f5 23. gxf6 Nxf6 24. Nxf6+ Qxf6 25. d5 exd5 26. Bd4 Qf7 27. f5 Qf8 28. fxg6 Qxh6 29. Rxh6 Rc7 30. Bxh8 Kxh8 31. Rxh7+ Rxh7 32. gxh7 Kxh7 33. Kf2 Kg6 34. Ke3 Bd7 35. Kd4 Be6 36. Rg1+ Kf5 37. Ke3 Bf7 38. h4 a5 39. a3 b5 40. Rg5+ Kf6 41. Kd4 a4 42. Kc5 e3 43. Rg3 e2 44. Rf3+ Kg6 45. Re3 Kh5 46. Rxe2 Kxh4 47. Rd2 Be8 48. Rxd5 Bf7 49. Rd4+ Kg5 50. Kxb5 Be8+ 51. Ka5 Kf6 52. Rxa4 1-0

[Event "SVK-chT1W 0001"]
[Site "Slovakia"]
[Date "2001.??.??"]
[Round "7"]
[White "Blazek, Milos"]
[Black "Pusec, Pavol"]
[Result "1-0"]
[WhiteElo "2106"]
[BlackElo "2187"]
[PlyCount "45"]
[EventDate "2000.??.??"]
[EventType "team-tourn"]
[EventRounds "11"]
[EventCountry "SVK"]
[SourceTitle "EXT 2002"]
[Source "ChessBase"]
[SourceDate "2001.11.25"]
[SourceVersion "1"]
[SourceVersionDate "2001.11.25"]
[SourceQuality "1"]

1. e4 d6 2. d4 Nf6 3. Nc3 g6 4. Be3 Ng4 5. Bg5 h6 6. Bh4 c6 7. Bd3 Qb6 8. Nge2 Qxb2 9. 0-0 Qb6 10. Qd2 Bg7 11. h3 Nf6 12. f4 Nbd7 13. e5 Nd5 14. Nxd5 cxd5 15. Rab1 Qc7 16. Nc3 dxe5 17. fxe5 Nb6 18. Nb5 Qb8 19. Qc3 g5 20. Bg3 Kd8 21. Rxf7 Bf8 22. Rbf1 Nd7 23. Bf5 1-0